Mashhoor Yadgaren (Record no. 8938)

MARC details
000 -LEADER
fixed length control field 00667nam a2200253 a 4500
020 ## - INTERNATIONAL STANDARD BOOK NUMBER
ISBN
082 00 - DEWEY DECIMAL CLASSIFICATION NUMBER
Classification number 720.954025
Author Cutter MAH
100 ## - MAIN ENTRY--AUTHOR NAME
Author name Mahirul-Qadri,
245 ## - TITLE STATEMENT
Title Mashhoor Yadgaren
Sub title Qutub Minar Delhi Ki Jami Masjid, Lal Qila, Taj Mahal
260 ## - PUBLICATION, DISTRIBUTION, ETC. (IMPRINT)
Place of publication Hyderabad
Name of publisher Masood Publishing House
Year of publication 0000
300 ## - PHYSICAL DESCRIPTION
Number of Pages 45p
500 ## - GENERAL NOTE
General note includes index and biblioraphy
505 2# - FORMATTED CONTENTS NOTE
Formatted contents note index
650 ## - SUBJECT ADDED ENTRY--TOPICAL TERM
Topical Term Architecture-Mughal
650 ## - SUBJECT ADDED ENTRY--TOPICAL TERM
Topical Term India-Monuments
942 ## - ADDED ENTRY ELEMENTS (KOHA)
Koha item type Books
700 1# -
-- Mahirul-Qadri,
Holdings
Collection code Home library Current library Date acquired Cost, normal purchase price Full call number Accession Number Koha item type
  Henry Martyn Institute Library Henry Martyn Institute Library 06/15/2007 100.00 720.954025 MAH 013694 Books
                   Copyright © 2026 | Henry Martyn Institute | Hyderabad | TS-500052 | INDIA | Implemented by hmi.edu.in
Hit-Count:

Powered by Koha